¿Qué República? / (Record no. 179040)

MARC details
000 -LEADER
campo de control de longitud fija 01010nam a2200277 4500
001 - NÚMERO DE CONTROL
campo de control 179040
003 - IDENTIFICADOR DE NÚMERO DE CONTROL
campo de control ES-MaACL
005 - FECHA Y HORA DE LA ÚLTIMA TRANSACCIÓN
campo de control 20250819061321.0
008 - DATOS DE LONGITUD FIJA--INFORMACIÓN GENERAL
campo de control de longitud fija 110823s2009 sp |||| | spa d
020 ## - NÚMERO INTERNACIONAL ESTÁNDAR DEL LIBRO
Número Internacional Estándar del Libro 978-84-96584-31-0
080 ## - NÚMERO DE LA CLASIFICACIÓN DECIMAL UNIVERSAL
Número de la Clasificación Decimal Universal 329.23(063)
245 01 - MENCIÓN DEL TÍTULO
Título ¿Qué República? /
Mención de responsabilidad, etc. Xabi Puerta [coord.] ; Alfonso Sastre, Arnaldo Otegi, Alizia Stürtze ... [et al.].
246 38 - FORMA VARIANTE DEL TITULO
Título propio/Titulo breve ASKEncuentros 2008
260 ## - PUBLICACIÓN, DISTRIBUCIÓN, ETC.
Lugar de publicación, distribución, etc. Hondarribia [Guipúzcoa] :
Nombre del editor, distribuidor, etc. Hiru,
Fecha de publicación, distribución, etc. 2009.
300 ## - DESCRIPCIÓN FÍSICA
Extensión 113 p. ;
Dimensiones 19 cm.
546 ## - NOTA DE IDIOMA
Nota de lengua/lenguaje Textos en castellano y vasco.
650 #7 - PUNTO DE ACCESO ADICIONAL DE MATERIA--TÉRMINO DE MATERIA
Término de materia o nombre geográfico como elemento de entrada Republicanismo-
Subdivisión de forma Congresos y asambleas
Fuente del encabezamiento o término
9 (RLIN) 147711
650 #7 - PUNTO DE ACCESO ADICIONAL DE MATERIA--TÉRMINO DE MATERIA
Término de materia o nombre geográfico como elemento de entrada Republicanismo-
Subdivisión de forma Congresos y asambleas
Fuente del encabezamiento o término
9 (RLIN) 147711
700 1# - ENTRADA AGREGADA--NOMBRE PERSONAL
Nombre de persona Puerta, Xabi.
9 (RLIN) 147712
700 1# - ENTRADA AGREGADA--NOMBRE PERSONAL
Nombre de persona Sastre, Alfonso,
Fechas asociadas al nombre 1926-
9 (RLIN) 103915
700 1# - ENTRADA AGREGADA--NOMBRE PERSONAL
Nombre de persona Otegi, Arnaldo.
9 (RLIN) 147713
700 1# - ENTRADA AGREGADA--NOMBRE PERSONAL
Nombre de persona Stürtze, Alizia.
9 (RLIN) 147714
852 ## - LOCALIZACIÓN
Ubicación ES-MaACL
itemnumber 185909
Número de control de estantería A-11435
Sublocalización o colección R.145934
Ubicación en estantería Depósito 1
Signatura antigua Olim: N-4439
942 ## - ELEMENTOS DE ENTRADA SECUNDARIOS (KOHA)
Fuente del sistema de clasificación o colocación Clasificación decimal universal
Tipo de ítem Koha Libro impreso
Holdings
Estatus retirado Estado de pérdida Fuente del sistema de clasificación o colocación Estado de daño No para préstamo Biblioteca de origen Biblioteca actual Ubicación en estantería Fecha de adquisición Fuente de adquisición Total de préstamos Signatura topográfica completa Código de barras Visto por última vez Precio de reemplazo Tipo de ítem Koha
    Clasificación decimal universal     Biblioteca del Ateneo de Madrid Biblioteca del Ateneo de Madrid Depósito 1 23/08/2011 Compra   A-11435 1188070 23/02/2023 23/02/2023 Libro impreso